000 00315nam a2200133 i 4500
001 bg
100 1 _aLAMBERT, R.
245 0 _aL'organisation scientifique dans lindustrie /
_cR. Lambert.
260 _aParis,
_c1964.
040 _cBPK
041 _apol
942 _cKS
008 s pl f |000 0 pol
999 _c15919
_d15919